<?xml version="1.0" encoding="UTF-8"?>
<record
    xmlns:xsi="http://www.w3.org/2001/XMLSchema-instance"
    xsi:schemaLocation="http://www.loc.gov/MARC21/slim http://www.loc.gov/standards/marcxml/schema/MARC21slim.xsd"
    xmlns="http://www.loc.gov/MARC21/slim">

  <leader>00623nam a2200229Ia 4500</leader>
  <controlfield tag="003">OSt</controlfield>
  <controlfield tag="005">20230612104656.0</controlfield>
  <controlfield tag="008">210423s2016    xx            000 0 und d</controlfield>
  <datafield tag="020" ind1=" " ind2=" ">
    <subfield code="a">978-1-4479-8025-4</subfield>
  </datafield>
  <datafield tag="040" ind1=" " ind2=" ">
    <subfield code="c">AL</subfield>
  </datafield>
  <datafield tag="041" ind1=" " ind2=" ">
    <subfield code="a">eng</subfield>
  </datafield>
  <datafield tag="082" ind1=" " ind2=" ">
    <subfield code="a">428.07 </subfield>
    <subfield code="2">23</subfield>
    <subfield code="b">HARP</subfield>
  </datafield>
  <datafield tag="100" ind1=" " ind2=" ">
    <subfield code="a">HARMER (Jeremy)</subfield>
    <subfield code="9">75706</subfield>
  </datafield>
  <datafield tag="245" ind1=" " ind2=" ">
    <subfield code="a">Practice of English language teaching with DVD Ed 5</subfield>
  </datafield>
  <datafield tag="250" ind1=" " ind2=" ">
    <subfield code="a">5</subfield>
  </datafield>
  <datafield tag="260" ind1=" " ind2=" ">
    <subfield code="a">England</subfield>
    <subfield code="b">Pearson Education Pvt Ltd</subfield>
    <subfield code="c">2016</subfield>
  </datafield>
  <datafield tag="300" ind1=" " ind2=" ">
    <subfield code="a">x,446</subfield>
    <subfield code="b">PB</subfield>
  </datafield>
  <datafield tag="365" ind1=" " ind2=" ">
    <subfield code="b">3590.83</subfield>
    <subfield code="c">GBP</subfield>
  </datafield>
  <datafield tag="650" ind1=" " ind2=" ">
    <subfield code="a">English Usage</subfield>
    <subfield code="9">75707</subfield>
  </datafield>
  <datafield tag="906" ind1=" " ind2=" ">
    <subfield code="a">DVD ; English ; language ; Practice ; teaching</subfield>
  </datafield>
  <datafield tag="942" ind1=" " ind2=" ">
    <subfield code="2">ddc</subfield>
    <subfield code="c">BK</subfield>
  </datafield>
  <datafield tag="999" ind1=" " ind2=" ">
    <subfield code="c">168554</subfield>
    <subfield code="d">168554</subfield>
  </datafield>
  <datafield tag="952" ind1=" " ind2=" ">
    <subfield code="0">0</subfield>
    <subfield code="1">0</subfield>
    <subfield code="4">0</subfield>
    <subfield code="7">0</subfield>
    <subfield code="8">MAENG</subfield>
    <subfield code="a">SACPG</subfield>
    <subfield code="b">SACPG</subfield>
    <subfield code="d">2017-07-17</subfield>
    <subfield code="e">Biblios Book Point</subfield>
    <subfield code="g">3590.83</subfield>
    <subfield code="l">1</subfield>
    <subfield code="o">428.07 HARP</subfield>
    <subfield code="p">PG015056</subfield>
    <subfield code="r">2025-11-10 13:18:35</subfield>
    <subfield code="s">2025-06-27</subfield>
    <subfield code="w">2021-04-26</subfield>
    <subfield code="y">BK</subfield>
  </datafield>
  <datafield tag="952" ind1=" " ind2=" ">
    <subfield code="0">0</subfield>
    <subfield code="1">0</subfield>
    <subfield code="4">0</subfield>
    <subfield code="7">0</subfield>
    <subfield code="8">MAENG</subfield>
    <subfield code="a">SACPG</subfield>
    <subfield code="b">SACPG</subfield>
    <subfield code="d">2017-07-17</subfield>
    <subfield code="e">Biblios Book Point</subfield>
    <subfield code="g">3590.83</subfield>
    <subfield code="l">0</subfield>
    <subfield code="o">428.07 HARP</subfield>
    <subfield code="p">PG015057</subfield>
    <subfield code="r">2022-08-24 00:00:00</subfield>
    <subfield code="w">2021-04-26</subfield>
    <subfield code="y">BK</subfield>
  </datafield>
</record>
